| 000 | 00571nam a2200193 i 4500 | ||
|---|---|---|---|
| 001 | bg | ||
| 100 | 1 | _aGOSIEWSKI, Mieczysław | |
| 245 | 0 |
_aPrzepływ lepkosprężystej cieczy prostej w cienkiej warstwie smarującej / _cMieczysław Gosiewski. |
|
| 260 |
_aWarszawa : _b[Instytut Podstawowych Problemów Techniki PAN], _c1983. |
||
| 300 | _as. 28. | ||
| 490 | 1 |
_aPrace IPPT ; _vNr 6 |
|
| 500 | _a[Na prawach rpsu]. | ||
| 830 | _aPrace IPPT ; | ||
| 040 | _cBPK | ||
| 041 | _apol | ||
| 080 | _a532:621.89 | ||
| 942 | _cKS | ||
| 008 | s pl f |000 0 pol | ||
| 999 |
_c22174 _d22174 |
||
| 856 |
_uhttp://koha.tu.koszalin.pl/cgi-bin/koha/opac-detail.pl?biblionumber=22174 _yKatalog online BPK |
||